| 000 | 00525nam a2200181Ia 4500 | ||
|---|---|---|---|
| 999 |
_c29058 _d29058 |
||
| 003 | OSt | ||
| 005 | 20260416152738.0 | ||
| 008 | 190216s9999||||xx |||||||||||||| ||und|| | ||
| 020 | _a9788171302802 | ||
| 040 | _coclc | ||
| 082 |
_a894.8126 _bYAT/J |
||
| 100 |
_aYati, Nitya Chaitanya _96870 |
||
| 245 | 0 |
_aJeevithathile Vasantha Ramam / _cNitya Chaitanya Yati |
|
| 260 |
_bD C Books, _aKottayam: _c2006. |
||
| 300 | _a219p | ||
| 650 | _aLekhanam | ||
| 942 |
_cBK _2ddc _h894.8126 _iYAT/J _k894.8126 _mYAT/J |
||